Cuadernillos de Poesía : (Registro nro. 38459)

Detalles MARC
000 -CABECERA
Longitud fija campo de control 01069nam a2200313 a 4500
003 - • IDENTIFICADOR DELl NÚMERO DE CONTROL
Identificador del número de control CO-BoRNBP
005 - • FECHA Y HORA DE LA ÚLTIMA TRANSACCIÓN
Fecha y hora de la última transacción 20241016081843.0
007 - • CAMPO FIJO DE DESCRIPCIÓN FÍSICA
Campo fijo de descripción física ta
008 - • CÓDIGOS DE INFORMACIÓN DE LONGITUD FIJA
Códigos de información de longitud fija 090316r20051997ck a gr 00011dspa d
020 ## - • NÚMERO INTERNACIONAL NORMALIZADO PARA LIBROS
Número Internacional Normalizado para Libros (ISBN) 9583003956
040 ## - FUENTE DE LA CATALOGACIÓN
Centro catalogador de origen CO-BoBLA
Lengua de catalogación spa
Centro transcriptor CO-BoBLA
043 ## - CÓDIGO DE ÁREA GEOGRÁFICA
Código de área geográfica s-ck---
082 04 - • NÚMERO DE LA CLASIFICACIÓN DECIMAL DEWEY
Número de clasificación (R) Co861.5
Número del ítem P65r1
084 ## - • Clasificación Local Alfanúmerica PNLB
Número de clasificación P POM1
100 1# - • PUNTO DE ACCESO PRINCIPAL-NOMBRE DE PERSONA
Nombre de persona Pombo, Rafael,
Fechas asociadas al nombre 1833-1912.
240 10 - • TÍTULO UNIFORME
Título uniforme <a href="Bogotá-Bibliografía regional">Bogotá-Bibliografía regional</a>
245 10 - • TITULO PROPIAMENTE DICHO
Título Cuadernillos de Poesía :
Resto del título Rafael Pombo.
Mención de responsabilidad, etc. Selección de Poemas Carlos Nicolás Hernández ; ilustraciones interiores José Gabriel Tatis.
250 ## - • MENCI&Oacute;N DE EDICI&Oacute;N
Mención de edición Primera edición
300 ## - • DESCRIPCI&Oacute;N F&Iacute;SICA
Extensión 69 p. :
Otras características físicas il. ;
Dimensiones 21 cm.
336 ## - TIPO DE CONTENIDO
Fuente rdacontent
Término de tipo de contenido texto
Código de tipo de contenido txt
337 ## - TIPO DE MEDIO
Fuente rdamedia
Nombre del tipo de medio sin mediación
Código del tipo de medio n
338 ## - TIPO DE SOPORTE
Fuente rdacarrier
Nombre del tipo de soporte volumen
Código del tipo de soporte nc
650 #7 - • PUNTO DE ACCESO ADICIONAL DE MATERIA - T&Eacute;RMINO DE MATERIA
Término de materia o nombre geográfico como elemento inicial Poesía colombiana.
Fuente del encabezamiento o término BLAAUTO
650 #7 - • PUNTO DE ACCESO ADICIONAL DE MATERIA - T&Eacute;RMINO DE MATERIA
Término de materia o nombre geográfico como elemento inicial Poesía infantil colombiana.
Fuente del encabezamiento o término BLAAUTO
700 1# - • PUNTO DE ACCESO ADICIONAL - NOMBRE DE PERSONA
Nombre de persona Hernández Camacho, Carlos Nicolás,
Fechas asociadas al nombre 1953-,
Término indicativo de función comp.
700 1# - • PUNTO DE ACCESO ADICIONAL - NOMBRE DE PERSONA
Nombre de persona Tatis, José Gabriel,
Fechas asociadas al nombre 1813-1884,
Término indicativo de función il.
942 ## - ENTRADA DE ELEMENTOS AGREGADOS (KOHA)
Fuente de clasificaión o esquema Dewey Decimal Classification
Koha [por defecto] tipo de item Libro Literatura
949 ## - TRATAMIENTO DE LA INFORMACI&Oacute;N LOCAL (OCLC)
a c
b c
Existencias
Perdido Fuente de clasificaci&oacute;n o esquema Estado Físico No para pr&eacute;stamo Forma de adquisición Localizaci&oacute;n permanente Localizaci&oacute;n actual Localización en estanterías Fecha adquisici&oacute;n Pr&eacute;stamos totales Signatura completa C&oacute;digo de barras Fecha &uacute;ltima consulta N&uacute;mero de copia Fecha del precio de reemplazo Tipo de item de Koha Fuente de adquisici&oacute;n
  Dewey Decimal Classification     Literatura General Biblioteca Pública Granada - Boca del Monte Biblioteca Pública Granada - Boca del Monte Literatura 03/10/2026   P-POM GRDA02192 03/10/2026 Ej.1 03/10/2026 Libro Literatura BIBLIOTECA NACIONAL
  Dewey Decimal Classification     Colección General Biblioteca Pública Guamal Biblioteca Pública Guamal Literatura 10/15/2024   P POM1 GUA004261 10/15/2024 Ej.1 10/15/2024 Libro Literatura  









Instituto Departamental de Cultura del Meta - Red Departamental de Bibliotecas Públicas del Meta.